000 00504nam a22001812 4500
001 0000004186
005 20170406115627.0
008 140827s xx 000 0 eng d
020 _c$
040 _aYour Holding Symbol
_cYour Holding Symbol
100 1 _aThoreau, David Henry.
245 1 0 _aWalden and on the duty of civil disobidience.
250 _a ed.
260 _aNew york :
_bHolt,
_c1965.
300 _a304 p. ;
_c cm.
650 0 _aamerican literature.
908 _a140827
999 _c4023
_d4023